000 00288nam a22001337a 4500
008 181029b xxu||||| |||| 00| 0 eng d
020 _a9780072831061
041 _aeng
080 _a510
100 _a37
101 _aMAT
245 _aIntermediate Algebra
_cBello.I
942 _2udc
_cBK
999 _c51033
_d51033